Music Quiz

Random Music or Song Quiz

Numbers in Music Quiz Stats

 Plays Quiz Updated Nov 26, 2018

Support Sporcle.
Go Orange.
Score 0/21 Timer 04:00
2 Plays Today
Hint Number % Correct
The year that Prince will party as if it were1999
84.4%
How many miles the Proclaimers would walk just to fall down at your door1000
76.5%
Year in which Bryan Adams got his first six-string (last two digits only)69
75.9%
The age at which Paul McCartney is concerned you will still need him and feed him64
72.1%
The number of problems Jay-Z has (although, as we all know, a b**** ain't one)99
62.5%
How many loves there are, according to Bob Marley1
57%
How many years, according to Kanye West, you have someone for once you have their kid18
55%
How many paths you can go down on the Stairway to Heaven2
42.9%
How many days and nights the law was on Billie Jean's side40
37.2%
The number of years Don McLean feels we've been on our own, leaving moss to grow fat on a rolling stone10
36.3%
How many hours (and 15 days) its been since love was taken away from Sinead O'Connor7
33.2%
Hint Number % Correct
Age at which Sue's daddy left home, leaving very little for Ma and him3
31.9%
Year (presumably) in which the Smashing Pumpkins posit that cool kids never have the time1979
30%
Highway along which Bob Dylan believes God wanted Isaac killed61
24%
The number of questions 50 Cent needs to ask you to find out if you're 100-proof21
19.9%
Highway a Greyhound Bus was rollin' down when a Ramblin' Man was born in the back seat41
18.8%
Highway on which Bruce Springsteen rides suicide machines sprung from steel cages9
18.4%
How many children the Temptations are to have, using their imagination2, maybe 3
17.8%
The time until which Janis Joplin waits for delivery of her color TV3
16.8%
The amperage of the fuse that Mick Jagger is going to blow if he doesn't vent his frustration50
14.9%
How many smiles Jimi's 'little wing' gives to him freely1000
7.2%

You're not logged in!

Compare scores with friends on all Sporcle quizzes.
OR
Log In
Forgot?

From the Vault

Book to Animation Match-Up

by vinipereira

In some of these cases, you might even be surprised to learn that the movies were based on books!
Remove Ads.
Support Sporcle.
Get the best of Sporcle when you Go Orange. This ad-free experience offers more features, more stats, and more fun while also helping to support Sporcle. Thank you for becoming a member.

Show Comments

Extras

Top Quizzes Today


Score Distribution

Your Account Isn't Verified!

In order to create a playlist on Sporcle, you need to verify the email address you used during registration. Go to your Sporcle Settings to finish the process.

Report this User

Report this user for behavior that violates our Community Guidelines.

Details: